01035nam0a22002411 4500001001100000005001700011021001900028035002600047100004100073101000800114102000700122105001800129200021200147210006200359215002300421320003500444606009400479606010300573700005800676801001800734801002200752852001900774rc\424320220250612025150.0 aRUb[60-45668] a(NLR Aleph) 008471631 a20130416d1960 |||y0rusy50 ca0 arus aRU aa z |||||1 aПодъемно-транспортные работы в сборном жилищном строительствеfАкад. наук БССР. Ин-т строительства и архитектуры aМинскcИзд-во Акад. наук БССРd1960 a120 с.cил.d20 aБиблиогр.: с. 118-119 aЖилищное строительство, сборноеxМеханизация2psbo aПодъемно-транспортное оборудованиеxЭксплуатация2psbo 1aАтаевbС.С.gСергей Сергеевич 0aRUbNLRgpsbo 1aRUbELAR2rusmarc aNLRj60-3/3121